| 000 | 00371nam a22001337a 4500 | ||
|---|---|---|---|
| 090 | _c | ||
| 008 | 090205t xxu||||| |||| 00| 0 eng d | ||
| 020 | _a817884253X | ||
| 082 |
_222 _a363.7282 _bSHA |
||
| 245 |
_aRecycling Waste Material management/ _cBy Rajeev Sharma |
||
| 260 |
_aNew Delhi: _bCyber Tech publications, _c2007 |
||
| 300 |
_a315p.; _c21 cm. |
||
| 942 |
_2ddc _cBB |
||
| 999 |
_c10715 _d10715 |
||